Which Car Company? Quiz Stats

Quiz Updated Sep 25, 2016

Also try: Car Logos
Challenge
Share
Tweet
Embed
Score 0/32 Timer 03:00
0 Plays Today
% Correct
Ford
92.9%
Honda
92.8%
Volkswagen
92.7%
Honda
90.7%
Ford
90%
Chevrolet
89.5%
Chevrolet
85%
Volkswagen
84.3%
Ford
84.1%
Volkswagen
82.3%
Toyota
81.7%
Toyota
81.7%
Ford
80.6%
Chevrolet
80.1%
Kia
78.2%
Nissan
78%
% Correct
Chevrolet
77.9%
Nissan
75.2%
Kia
75.1%
Subaru
73.8%
Volkswagen
72.1%
Toyota
71.4%
Subaru
70.7%
Nissan
69.9%
Nissan
68.5%
Honda
67.4%
Honda
66.9%
Subaru
63.7%
Toyota
62.4%
Nissan
60.3%
Nissan
55%
Kia
50.5%

You're not logged in!

Compare scores with friends on all Sporcle quizzes.
Join for Free
OR
Log In

You Might Also Like...

Show Comments

Extras

Top Quizzes Today


Score Distribution

Your Account Isn't Verified!

In order to create a playlist on Sporcle, you need to verify the email address you used during registration. Go to your Sporcle Settings to finish the process.

Report this User

Report this user for behavior that violates our Community Guidelines.

Details: